Comunità omosessuali : le scienze sociali sulla popolazione LGBT /
Gorde:
| Egile nagusia: | |
|---|---|
| Beste egile batzuk: | , |
| Formatua: | Liburua |
| Hizkuntza: | italiera |
| Argitaratua: |
Milano :
Angeli,
2013
|
| Saila: | GCS
|
| Gaiak: | |
| Etiketak: |
Etiketarik gabe, Izan zaitez lehena erregistro honi etiketa jartzen!
|
MARC
| LEADER | 00000nam a2200000 i 4500 | ||
|---|---|---|---|
| 001 | IT\ICCU\TO0\1867352 | ||
| 003 | ItRI | ||
| 005 | 20260115232052.0 | ||
| 008 | 130131s2013 it |||||| ||||| |||||c | ||
| 015 | |2 IT |a 2013-268 | ||
| 020 | |a 9788820416157 | ||
| 040 | |b ita |c importazione bologna sebina | ||
| 041 | 7 | |a ita |2 ISO-639-2 | |
| 082 | |a 306.766 |9 OMOSESSUALITA' |2 22 | ||
| 245 | 0 | 0 | |a Comunità omosessuali : |b le scienze sociali sulla popolazione LGBT / |c a cura di Fabio Corbisiero ; prefazione di Anna Paola Concia ; scritti di A. L. Amodeo ... [et al.]. |
| 260 | |a Milano : |b Angeli, |c 2013 | ||
| 300 | |a 287 p. ; |c 23 cm | ||
| 650 | 7 | |a Omosessuali |x Diritti | |
| 700 | 1 | |a Amodeo, Anna Lisa |0 IT\ICCU\MILV\327365 |4 aut | |
| 700 | 1 | |a Concia, Paola |0 IT\ICCU\LO1V\393443 |4 aui | |
| 700 | 1 | |a Corbisiero, Fabio |0 IT\ICCU\RMSV\611400 |4 edt | |
| 830 | 0 | |a GCS |0 IT\ICCU\LIG\0098031 | |
| 942 | |2 ddc |c BK |n 0 | ||
| 952 | |0 0 |1 0 |4 0 |6 DOC_301_092000000000000_COR |7 0 |9 19485 |a BO |b BO |d 2026-01-15 |i 16893 |l 0 |o DOC 301.092 COR |p BO16893 |r 2026-01-15 23:20:52 |w 2026-01-15 |x [Sebina 5] [1 v.] |y BK |z 1 v. | ||
| 999 | |c 16594 |d 16594 | ||